NBA Western Conference All-Star Starters - Statistics

General Stats
  • This quiz has been taken 633 times
    59 since last reset
  • The average score is 25 of 35
Answer Stats
Answer % Correct
Kobe Bryant
98%
LeBron James
98%
Kevin Durant
94%
Nikola Jokić
94%
Shaquille O'Neal
94%
Stephen Curry
94%
S. Gilgeous-Alexander
92%
Tim Duncan
90%
Russell Westbrook
88%
James Harden
85%
Luka Dončić
85%
Kawhi Leonard
81%
Marc Gasol.
81%
Steve Nash
81%
Chris Paul
79%
Jason Kidd
79%
Anthony Davis
77%
Paul George
73%
Blake Griffin
71%
Kevin Garnett
71%
Victor Wembanyama
71%
Tracy McGrady
69%
Dwight Howard
67%
Yao Ming
67%
Carmelo Anthony
65%
Allen Iverson
63%
Amar'e Stoudemire
60%
Ja Morant
56%
DeMarcus Cousins
52%
Andrew Wiggins
48%
Zion Williamson
46%
Chris Webber
40%
Andrew Bynum
33%
Kevin Love
33%
Steve Francis
21%
No matching quizzes found
Score Distribution
Percent of People with Each Score
Percentile by Number Answered
Your Score History
You have not taken this quiz since the last reset